| 000 | 00438nam a22001457a 4500 | ||
|---|---|---|---|
| 005 | 20260327090053.0 | ||
| 008 | 260327b |||||||| |||| 00| 0 eng d | ||
| 020 | _a978-007-127238-4 | ||
| 100 | _aAlexander K. Charles and Sadiku O.N. Matthew | ||
| 245 |
_aFundamentals of Electric Circuits _c/ Charles K. Alexander |
||
| 250 | _a4th ed | ||
| 260 |
_aNew York; _bMcGraw-Hill; _c2009 |
||
| 300 |
_aXXVIII,901p.ill; _c25.2cm |
||
| 942 |
_2ddc _cBK _n0 |
||
| 999 |
_c197 _d197 |
||